Statistics for Dance, Dance, Lyrics

Click here to take the quiz!

General Stats

  • This quiz has been taken 12 times
  • The average score is 176 of 303

Answer Stats

Lyrics% Correct
dance
100%
a
91%
to
91%
apart
82%
falling
82%
the
82%
time
82%
good
73%
I
73%
i
73%
I'm
73%
i'm
73%
no
73%
of
73%
She
73%
we're
73%
and
64%
but
64%
half
64%
me
64%
out
64%
romantic
64%
says
64%
she's
64%
with
64%
worse
64%
always
55%
are
55%
by
55%
have
55%
hear
55%
how
55%
if
55%
joke
55%
lives
55%
my
55%
need
55%
stuck
55%
this
55%
too
55%
want
55%
wan't
55%
way
55%
why
55%
words
55%
you
55%
bed
45%
before
45%
crawling
45%
dont
45%
don't
45%
down
45%
fold
45%
for
45%
form
45%
found
45%
get
45%
his
45%
I'll
45%
i'll
45%
in
45%
into
45%
is
45%
it
45%
just
45%
knew
45%
lead
45%
like
45%
love
45%
loved
45%
mattress
45%
misery
45%
overdramatic
45%
quarters
45%
so
45%
sounds
45%
stuttered
45%
them
45%
these
45%
they
45%
voice
45%
write
45%
your
45%
all
36%
barely
36%
been
36%
can't
36%
ever
36%
feel
36%
forget
36%
heart
36%
it's
36%
last
36%
little
36%
much
36%
one
36%
only
36%
should
36%
show
36%
sympathy
36%
they'd
36%
tonight
36%
you're
36%
you've
36%
bit
27%
call
27%
drink
27%
mistake
27%
saving
27%
spine
27%
tounge
27%
up
27%
vs.
27%
weighed
27%
first
18%
resort
18%

Score Distribution

Percentile by Number Answered

Percent of People with Each Score

Your Score History

You have not taken this quiz